000 00369 a2200157 4500
001 152113
040 _cEscola São Tomás de Aquino
100 _aCARR, Stella
240 1 0 _aCuidado, não olhe para trás!
_lpor
245 1 0 _aCuidado, não olhe para trás!
300 _a152
362 0 _a2003
440 1 _aModerna
697 _a*LITERATURA JUVENIL
942 _cBK
999 _c152113
_d152113